Villes du Monde en C - Statistiques

Statistiques générales
  • Ce quiz a été pris 165 fois
  • Le résultat moyen est 6 sur 12
Statistiques - réponses
Pays Ville % Correct
Egypte Le Caire
93%
Danemark Copenhague
92%
Maroc Casablanca
79%
Australie Canberra
65%
USA Chicago
60%
France Cannes
51%
Mexique Cancún
47%
Canada Calgary
28%
Afrique du Sud Cape Town
19%
Chine Chengdu
18%
Inde Chennai
16%
Philippines Cebu City
1%
Aucun quiz correspondant
Distribution des résultats
% des personnes avec chaque résultat
Percentile par nombre de réponses
Votre historique - résultats
Vous n’avez pas pris ce quiz